LEADER 00998nam a2200265 i 4500 001 991001709019707536 005 20020503152730.0 008 940707s1986 it ||| | ita 020 $a8835078776 035 $ab10261746-39ule_inst 035 $aEXGIL90155$9ExL 040 $aDip.to Filol. Ling. e Lett.$bita 100 1 $aOliva, Gianni$0324680 245 10$aAbruzzo /$cGianni Oliva, Carlo De Matteis 260 $aBrescia :$bLa scuola,$c1986 300 $a277 p. ;$c21 cm. 490 0 $aLetteratura delle regioni d'Italia. Storia e testi 651 4$aAbruzzo$xStoria letteraria$ySec. 12.-19. 700 1 $aDe Matteis, Carlo$eauthor$4http://id.loc.gov/vocabulary/relators/aut$0156122 907 $a.b10261746$b17-02-17$c27-06-02 912 $a991001709019707536 945 $aLE008 Ist. Glott. X L 7$g1$i2008000470302$lle008$o-$pE0.00$q-$rl$s- $t0$u0$v0$w0$x0$y.i10312298$z27-06-02 996 $aAbruzzo$91445391 997 $aUNISALENTO 998 $ale008$b01-01-94$cm$da $e-$fita$git $h0$i1 LEADER 01510nam 2200481 450 001 9910823028203321 005 20180918123826.0 010 $a1-4704-4135-7 035 $a(CKB)3790000000534964 035 $a(MiAaPQ)EBC5110284 035 $a(RPAM)20036284 035 $a(PPN)220240191 035 $a(EXLCZ)993790000000534964 100 $a20180126h20172017 uy 0 101 0 $aeng 135 $aurcnu|||||||| 181 $2rdacontent 182 $2rdamedia 183 $2rdacarrier 200 10$aOn operads, bimodules, and analytic functors /$fNicola Gambino, Andre Joyal 210 1$aProvidence, Rhode Island :$cAmerican Mathematical Society,$d2017. 210 4$dİ2017 215 $a1 online resource (115 pages) $cillustrations 225 1 $aMemoirs of the American Mathematical Society,$x1947-6221 ;$vVolume 249, Number 1184 311 $a1-4704-2576-9 320 $aIncludes bibliographical references. 410 0$aMemoirs of the American Mathematical Society ;$vVolume 249, Number 1184. 606 $aOperads 606 $aFunctor theory 606 $aAlgebra, Homological 615 0$aOperads. 615 0$aFunctor theory. 615 0$aAlgebra, Homological. 676 $a512.62 700 $aGambino$b Nicola$f1975-$01685710 702 $aJoyal$b Andre? 801 0$bMiAaPQ 801 1$bMiAaPQ 801 2$bMiAaPQ 906 $aBOOK 912 $a9910823028203321 996 $aOn operads, bimodules, and analytic functors$94058043 997 $aUNINA